Karnataka sangeeta tarangini. (Record no. 66970)

MARC details
000 -LEADER
fixed length control field 00721cam a22002411 4500
001 - CONTROL NUMBER
control field sa 65010833
003 - CONTROL NUMBER IDENTIFIER
control field DLC
005 - DATE AND TIME OF LATEST TRANSACTION
control field 20260227112211.0
008 - FIXED-LENGTH DATA ELEMENTS--GENERAL INFORMATION
fixed length control field 801209m19611962ii 000 0 kan
010 ## - LIBRARY OF CONGRESS CONTROL NUMBER
LC control number sa 65010833
025 ## - OVERSEAS ACQUISITION NUMBER
Overseas acquisition number PL480:I-Kan-113
035 ## - SYSTEM CONTROL NUMBER
System control number (OCoLC)7019289
040 ## - CATALOGING SOURCE
Original cataloging agency DLC
Transcribing agency ViU
Modifying agency DLC
042 ## - AUTHENTICATION CODE
Authentication code premarc
050 00 - LIBRARY OF CONGRESS CALL NUMBER
Classification number ML338
Item number .S48
100 1# - MAIN ENTRY--PERSONAL NAME
Personal name Shankaramurthy, M. R.
245 10 - TITLE STATEMENT
Title Karnataka sangeeta tarangini.
260 ## - PUBLICATION, DISTRIBUTION, ETC.
Place of publication, distribution, etc. Bangalore,
Name of publisher, distributor, etc. Guru Guha Gana Nilaya
Date of publication, distribution, etc. [1961-62]
300 ## - PHYSICAL DESCRIPTION
Extent 2 v.
Other physical details illus.
Dimensions 25 cm.
440 #0 - SERIES STATEMENT/ADDED ENTRY--TITLE
Title [Karnataka sangeeta tarangini series,
Volume/sequential designation book 1-2]
500 ## - GENERAL NOTE
General note Cover title, text and musical notation in Kannada.
650 #0 - SUBJECT ADDED ENTRY--TOPICAL TERM
Topical term or geographic name entry element Carnatic music
General subdivision History and criticism.

No items available.

Powered by Koha